=LDR 00000nam 2200000 4500 =001 INLIS000000000032912 =005 20130612134909 =008 ***********************************Ind** =035 ##$$a0010-061300000032912 =041 ##$$a Ind =082 ##$$a 956.94 =090 ##$$a 956.94, For t =100 ##$$a Ford, Henry =245 ##$$a The International JEW, membongkar makar zionisme Internasional, Henry Ford =260 ##$$a 2009 $b Jakarta =300 ##$$a xxv, 440 hlm, 17 cm =650 ##$$a Zionisme -Makar =850 ##$$a NBPNMAT =990 ##$$a 21400613/BPAP-NTB/20142014